000 00617nam a22002057a 4500
999 _c10579
_d10579
003 AR-CdUCM
008 190401b ||||| |||| 00| 0 spa d
040 _aMUNICIPALIDAD PROVINCIAL DEL CUSCO
_cBIBLIOTECA MUNICIPAL DEL CUSCO
082 _aES / 800 /
_bL13
100 _aLacier, Joseph
_927529
245 _aGengis Kan /
260 _aBarcelona :
_bBruguera S. A. ;
_c1961.
300 _a255 páginas ;
_bIlustraciones
_c20cm
440 _aColección Historias
_927112
505 _aContenido: Novela
650 _aNovela
_9572
650 _aLiteratura juvenil
_91580
942 _2ddc
_cLIBROS
945 _anom